| 000 | 01031nam0a22002411 4500 | ||
|---|---|---|---|
| 001 | rc\2909687 | ||
| 005 | 20250529222221.0 | ||
| 035 | _a(NLR Aleph) 007060480 | ||
| 090 |
_a6280222 _c6280222 |
||
| 100 | _a20110805d1934 |||y0rusy50 ca | ||
| 101 | 0 | _arus | |
| 102 | _aRU | ||
| 105 | _aa z ||||| | ||
| 200 | 1 |
_aГельминтофауна собак Грузии _eДоложено на 208-ом заседании Постоянной комиссии по изучению гельминтофауны СССР 19 апр. 1933 г. в г. Москве _fд-р В.В. Джикия ассистент каф. паразитологии Гос. мед. ин-та Грузии |
|
| 210 |
_aТифлис _cГос. мед. ин-т Грузии _d1934 |
||
| 215 |
_a14 с. _cтабл. _d21 см |
||
| 300 | _aРез. на груз. яз. | ||
| 700 | 1 |
_aДжикия _bВ.В. _gВладимир Виссарионович |
|
| 801 | 0 |
_aRU _bNLR _gpsbo |
|
| 801 | 1 |
_aRU _bELAR _2rusmarc |
|
| 852 |
_aNLR _j34-10/3050 |
||
| 942 | _cBOOK | ||
| 980 | _aNB | ||